| 000 | 00845nam a22001935i 4500 | ||
|---|---|---|---|
| 001 | 167175 | ||
| 003 | ES-MaACL | ||
| 005 | 20230906213455.0 | ||
| 008 | 960320s1882 sp |||| | spa d | ||
| 040 |
_aCLM _bspa _cCCPB | SIC |
||
| 100 | 1 |
_aVentosa, Ricardo. _9113908 |
|
| 245 | 1 | 4 |
_aLas huelgas de trabajadores, las asociaciones de obreros y las Cajas de Ahorros / _cmemorias... escritas por Ricardo Ventosa. |
| 260 |
_aMadrid : _b[s.n.], _c1882 ( _fTipografía Gutenberg á cargo de M. Salamanqués) |
||
| 300 |
_a114 p. ; _c19 cm. |
||
| 500 | _aEn port: Memorias premiadas con accésit por la Real Academia de Ciencias Morales y Políticas en el Concurso extraordinario de 1875. | ||
| 597 | _aAntep. | ||
| 650 | 0 | 4 |
_aHuelgas. _913489 |
| 852 |
_aES-MaACL _jT-400-F-5 _z-- Enc. hol., falto de la cub. original _z-- Enc. en un vol. facticio |
||
| 999 |
_c167175 _d167175 |
||